Esau anatomía vegetal. Meristemas, células y tejidos de las plantas: su estructura, función y desarrollo

-д хадгалсан:
Номзүйн дэлгэрэнгүй
Үндсэн зохиолч: Evert, Ray F (autor)
Бусад зохиолчид: Esau, Katherine (autora)
Формат: Ном
Хэл сонгох:испани
Хэвлэсэн: Barcelona, España: Ediciones Omega, 2008
Хэвлэл:Tercera edición.
Нөхцлүүд:
Шошгууд: Шошго нэмэх
Шошго байхгүй, Энэхүү баримтыг шошголох эхний хүн болох!

MARC

LEADER 00000cam a2200000 a 4500
001 UCE5450
003 CL-VaPUC
005 20240123153801.0
008 150109e20080000sp |||||||||||||||||spa|d
999 |c 358168  |d 358166 
020 |a 9788428214433 
040 |c Pontificia Universidad Católica de Valparaíso 
082 0 4 |a 581.4 EVE 2008  |2 21 
100 0 |a Evert, Ray F  |e autor  |9 578085 
245 1 0 |a Esau anatomía vegetal. Meristemas, células y tejidos de las plantas: su estructura, función y desarrollo 
250 |a Tercera edición. 
260 |a Barcelona, España:  |b Ediciones Omega,   |c 2008 
300 |a 614 páginas  
583 |a last modification  |c 20150113 10:59:40  |k Rodrigo Vera 
650 0 |a Anatomía vegetal  |9 269541 
650 0 |a Botánica  |9 264202 
650 0 |a Morfología vegetal   |9 261628 
700 0 |a Esau, Katherine  |e autora  |9 578086 
942 |c BK  |2 ddc 
945 |d 20150109 08:57:00  |a arojas 
952 |0 0  |1 0  |3 erb  |4 0  |6 581_400000000000000_EVE_2008  |7 0  |8 A  |9 466708  |a BIBAGR  |b BIBAGR  |i 5133580  |l 7  |o 581.4 EVE 2008  |p 5133580  |q 2025-06-30  |r 2025-04-25  |s 2025-04-25  |w 2019-11-23  |y BK  |z Catalogado en:20150109  |k AGR 
952 |0 0  |1 0  |3 erb  |4 0  |6 581_400000000000000_EVE_2008  |7 0  |8 A  |9 466709  |a BIBAGR  |b BIBAGR  |i 5133599  |l 10  |o 581.4 EVE 2008  |p 5133599  |q 2025-06-02  |r 2025-05-02  |s 2025-05-02  |w 2019-11-23  |y BK  |z Catalogado en:20150109  |k AGR 
952 |0 0  |1 0  |3 erb  |4 0  |6 581_400000000000000_EVE_2008  |7 0  |8 A  |9 466710  |a BIBAGR  |b BIBAGR  |i 5133602  |l 4  |o 581.4 EVE 2008  |p 5133602  |r 2025-01-20  |s 2024-11-19  |w 2019-11-23  |y BK  |z Catalogado en:20150109  |k AGR 
952 |0 0  |1 0  |3 erb  |4 0  |6 581_400000000000000_EVE_2008  |7 0  |8 A  |9 466711  |a BIBAGR  |b BIBAGR  |i 5133610  |l 1  |m 1  |o 581.4 EVE 2008  |p 5133610  |r 2025-01-20  |s 2024-10-23  |w 2019-11-23  |y BK  |z Catalogado en:20150109  |k AGR 
952 |0 0  |1 0  |3 erb  |4 0  |6 581_400000000000000_EVE_2008  |7 0  |8 A  |9 466712  |a BIBAGR  |b BIBAGR  |i 5133629  |l 4  |o 581.4 EVE 2008  |p 5133629  |r 2025-01-20  |s 2024-11-19  |w 2019-11-23  |y BK  |z Catalogado en:20150109  |k AGR 
952 |0 0  |1 0  |2 ddc  |4 0  |6 581_400000000000000_EVE_2008  |7 0  |8 A  |9 581586  |a BIBAGR  |b BIBAGR  |c GEN  |d 2022-03-02  |e 3  |g 104440.00  |i 5648416  |l 4  |o 581.4 EVE 2008  |p 5648416  |r 2025-01-20  |s 2024-09-10  |t 6  |v 104440.00  |w 2022-03-02  |y BK  |k AGR